000 00643nam a2200289Ia 4500
005 20260324130736.0
008 008 260324s9999 xx 000 0 eng d
020 _a9781315834597
037 _aEBOOK
040 _aCRL
040 _beng
040 _cCRL
041 _2eng
041 _aeng
084 _qCRL
100 _aIan Beckett
_91182926
245 0 _aYpres
245 4 _bThe First Battle 1914
260 _bTaylor and Francis
260 _c2007
365 _a
365 _b180
856 _uhttp://www.taylorfrancis.com/books/9781315834597
942 _cEBOOK
999 _c1779363
_d1779363